000 00291nam a22001337a 4500
008 171102b xxu||||| |||| 00| 0 eng d
020 _a2900750679038
041 _aeng
080 _a339.138
100 _a60
101 _aMAR
245 _aHISPANIC MARKETING
_cFELIPE.K
942 _2udc
_cBK
999 _c37301
_d37301